| 000 | 00000nam##2200000za#4500 |
| 001 | 9.579394 |
| 003 | CaOODSP |
| 005 | 20210624190536 |
| 007 | cr ||||||||||| |
| 008 | 150406|2002||||xxc|||||o f|0| 0 eng|d |
| 040 | |aCaOODSP|beng |
| 043 | |an-cn--- |
| 086 | 1 |aEn40-238/6-1E-PDF |
| 110 | 1 |aCanada.|bEnvironment Canada. |bGreenhouse Gas Division. |
| 245 | 10|aLand-use change and forestry : 1990-2000 |h[electronic resource] |
| 260 | |aGatineau - Quebec : |bEnvironment Canada. |cSeptember 2002. |
| 300 | |a8p.|bglossary, graphs, references, table |
| 490 | 1 |aCanada's greenhouse gas inventory factsheet |v6 |
| 590 | |a14-21-Supp|b2014-12-11 |
| 690 | 07|aForestry industry|2gcpds |
| 690 | 07|aGreenhouse gases|2gcpds |
| 690 | 07|aLand management|2gcpds |
| 775 | 08|tChangement d'affectation des terres et foresterie : 1990-2000 |w(CaOODSP)9.606865 |
| 830 | #0|aCanada's greenhouse gas inventory factsheet ;|v6|w(CaOODSP)9.504500 |
| 856 | 40|ahttp://publications.gc.ca|qPDF|s201 KB|uhttps://publications.gc.ca/collections/collection_2014/ec/En40-238-6-1-eng.pdf|y6 |